| 000 | 00997nam0a22002771 4500 | ||
|---|---|---|---|
| 001 | rc\3614599 | ||
| 005 | 20260406120324.0 | ||
| 021 |
_aRU _b[69-91385] |
||
| 035 | _a(NLR Aleph) 007818291 | ||
| 090 |
_a7735293 _c7735293 |
||
| 100 | _a20130115d1969 |||y0rusy50 ca | ||
| 101 | 0 | _arus | |
| 102 | _aRU | ||
| 105 | _aa z ||||| | ||
| 200 | 1 |
_aСказка о мертвой царевне и о семи богатырях _e[Для ст. дошкольного и мл. школьного возраста] _fРис. И. Бруни |
|
| 210 |
_a[Москва _cМалыш _d1969 |
||
| 215 |
_a[37] с. _cил. _d28 |
||
| 608 |
_aСказки русские (д. л.) _2psbo |
||
| 700 | 1 |
_7ca _8rus _aПушкин _bА. С. _cпоэт _f1799-1837 _gАлександр Сергеевич _9110441 _3RU\NLR\AUTH\77386 |
|
| 702 | 1 |
_aБруни _bИ. _4440 |
|
| 801 | 0 |
_aRU _bNLR _gpsbo |
|
| 801 | 1 |
_aRU _bELAR _2rusmarc |
|
| 852 |
_aNLR _jПушкин/2-С-422-97 |
||
| 942 | _cBOOK | ||
| 980 | _aNB | ||